000
00252nam a2200109Ia 4500
008
200302s9999 xx 000 0 und d
100
_a
Lewis Mumford
245
_a
The Culture of Cities
260
_b
Secker & Warburg
260
_c
1946
300
_a
530 P.,
999
_c
5653
_d
5653